Africa en el siglo XIX / (Record no. 166824)
[ view plain ]
| 000 -LEADER | |
|---|---|
| campo de control de longitud fija | 01089nam a2200253 4500 |
| 001 - NÚMERO DE CONTROL | |
| campo de control | 166824 |
| 003 - IDENTIFICADOR DE NÚMERO DE CONTROL | |
| campo de control | ES-MaACL |
| 005 - FECHA Y HORA DE LA ÚLTIMA TRANSACCIÓN | |
| campo de control | 20260209164758.0 |
| 008 - DATOS DE LONGITUD FIJA--INFORMACIÓN GENERAL | |
| campo de control de longitud fija | 950112s1867 sp af |||| | spa d |
| 040 ## - FUENTE DE CATALOGACIÓN | |
| Centro catalogador/agencia de origen | EUS |
| Lengua de catalogación | spa |
| Centro/agencia transcriptor | EUS |
| 100 1# - ENTRADA PRINCIPAL--NOMBRE DE PERSONA | |
| Nombre de persona | V. S. F. |
| 9 (RLIN) | 133474 |
| 245 10 - MENCIÓN DEL TÍTULO | |
| Título | Africa en el siglo XIX / |
| Mención de responsabilidad, etc. | por V. S. F. |
| 250 ## - MENCION DE EDICION | |
| Mención de edición | 1ªed. española |
| Resto de la mención de edición | bajo la dirección de Joaquín Maldonado. |
| 260 ## - PUBLICACIÓN, DISTRIBUCIÓN, ETC. | |
| Lugar de publicación, distribución, etc. | Madrid : |
| Nombre del editor, distribuidor, etc. | Rubio y Compañía, |
| Fecha de publicación, distribución, etc. | 1867 ( |
| Fabricante | Imprenta a cargo de J. E. Morete) |
| 300 ## - DESCRIPCIÓN FÍSICA | |
| Extensión | X, 191 p., [2] h. de lám. ; |
| Dimensiones | 34 cm. |
| 490 1# - MENCIÓN DE SERIE | |
| Mención de serie | Colección de Historias y Memorias Contemporáneas / dirigida y adicionada por César Cantu ; |
| Designación de volumen o secuencia | 3 |
| 597 ## - NOTA DE DESCRIPCIÓN FÍSICA | |
| NOTA DE DESCRIPCIÓN FÍSICA | Texto a dos col. |
| 651 #7 - PUNTO DE ACCESO ADICIONAL DE MATERIA--NOMBRE GEOGRÁFICO | |
| Nombre geográfico | África Septentrional- |
| Subdivisión general | Historia |
| Fuente del encabezamiento o término | |
| 9 (RLIN) | 137012 |
| 700 1# - ENTRADA AGREGADA--NOMBRE PERSONAL | |
| Nombre de persona | Cantù, Cesare, |
| Fechas asociadas al nombre | 1804-1895 |
| 9 (RLIN) | 34697 |
| 700 1# - ENTRADA AGREGADA--NOMBRE PERSONAL | |
| Nombre de persona | Maldonado Macanaz, Joaquín, |
| Fechas asociadas al nombre | 1833-1901 |
| 9 (RLIN) | 75733 |
| 830 00 - PUNTO DE ACCESO ADICIONAL DE SERIE-TÍTULO UNIFORME | |
| Título uniforme | Colección de historias y memorias contemporáneas |
| Designación de volumen o secuencia | 3 |
| 9 (RLIN) | 187832 |
| 852 ## - LOCALIZACIÓN | |
| Ubicación | ES-MaACL |
| Número de control de estantería | C-1786(2) |
| Nota libre | -- Enc. hol. |
| Encuadernación | -- Edic.: La pág. es 191 p., [2] h. de lám. (a la pag. X le sucede la 11) |
| Estatus retirado | Estado de pérdida | Estado de daño | No para préstamo | Colección | Biblioteca de origen | Biblioteca actual | Ubicación en estantería | Fecha de adquisición | Fuente de adquisición | Total de préstamos | Signatura topográfica completa | Código de barras | Visto por última vez | Precio de reemplazo | Tipo de ítem Koha |
|---|---|---|---|---|---|---|---|---|---|---|---|---|---|---|---|
| Libros del s. XIX | Biblioteca del Ateneo de Madrid | Biblioteca del Ateneo de Madrid | Galería | 17/01/2008 | C-1786(2) | 1174985 | 23/02/2023 | 23/02/2023 | Libro impreso antiguo |
